=LDR 00000nam 2200000 4500 =001 INLIS000000000063290 =005 20240221121527 =035 ##$$a 0010-0224000160 =007 ta =008 240221################g##########1#ind## =020 ##$$a 978-602-0894-11-9 =082 ##$$a 899.221 3 =084 ##$$a 899.221 3 Riy s =245 1#$$a Sajadah lipat pak camat /$c Riyanto El Harist; Editor, Tri S. =250 ##$$a Cetakan 1 =300 ##$$a vii, 288 halaman ; $c 20 cm =650 #4$$a Fiksi Indonesia =700 #$$a Tri S.(editor) =264 ##$$a Solo :$b Tinta Medina,$c 2015 =336 ##$$a Teks$2 rdacontent =337 ##$$a Tanpa perantara$2 rdamedia =338 ##$$a Volume$2 rdacarrier =990 ##$$a 06000600 =990 ##$$a 06000600 =990 ##$$a 06000600